ՀՀ Գիտությունների ազգային ակադեմիայի հիմնարար գիտական գրադարան  =   Fundamental Scientific Library of NAS RA

Очерки истории Римской империи / (Record no. 423532)

MARC details
000 -LEADER
fixed length control field 00681nam a2200181 a 4500
003 - CONTROL NUMBER IDENTIFIER
control field AM-YeHGA
005 - DATE AND TIME OF LATEST TRANSACTION
control field 20250707095230.0
008 - FIXED-LENGTH DATA ELEMENTS--GENERAL INFORMATION
fixed length control field 170919s1908 ru b||||r|||||00||0|rus||
040 ## - CATALOGING SOURCE
Original cataloging agency AM-YeHGA
041 0# - LANGUAGE CODE
Language code of text/sound track or separate title rus
100 1# - MAIN ENTRY--PERSONAL NAME
Personal name Виппер, Роберт Юрьевич
245 10 - TITLE STATEMENT
Title Очерки истории Римской империи /
Statement of responsibility, etc. Р. Виппер.
246 1# - VARYING FORM OF TITLE
Title proper/short title Очерки исторiи Римской имперiи
260 ## - PUBLICATION, DISTRIBUTION, ETC.
Place of publication, distribution, etc. Москва :
Name of publisher, distributor, etc. Типо-литогр. Т-ва И.Н. Кушнеревъ и К.,
Date of publication, distribution, etc. 1908.
300 ## - PHYSICAL DESCRIPTION
Extent V, 406 с. :
Other physical details [2] л. карт. ;
Dimensions 23 см.
650 14 - SUBJECT ADDED ENTRY--TOPICAL TERM
Topical term or geographic name entry element История
Geographic subdivision Римская империя
942 ## - ADDED ENTRY ELEMENTS (KOHA)
Source of classification or shelving scheme Universal Decimal Classification
Koha item type Գրքեր / Books
Holdings
Withdrawn status Lost status Damaged status Not for loan Collection Home library Current library Date acquired Total checkouts Full call number Barcode Date last seen Price effective from Koha item type Public note Source of classification or shelving scheme
        General Fundamental Scientific Library Fundamental Scientific Library 20/06/2019   РД II/62323 FL0583541 20/06/2019 20/06/2019 Գրքեր / Books 30 Days Loan  
        Kusikian Individual Collection Fundamental Scientific Library Fundamental Scientific Library 29/04/2025   Кус/1725 FL0686266 29/04/2025 29/04/2025 Գրքեր / Books ILL Non-Circ. Universal Decimal Classification


ՀՀ ԳԱԱ հիմնարար գիտական գրադարան
ՀՀ,Երևան 0019
Մարշալ Բաղրամյան 24/6
հեռախոս:(374-10) 52-47-50
Հետադարձ կապ

All site content, except where otherwise noted, is licensed under a
Creative Commons License